[Event "Challenge"]
[Site "http://www.queenalice.com/game.php?id=1405854"]
[Date "2016.1.23"]
[Round "-"]
[White "magalhaes_br"]
[Black "Julsoulp2"]
[Result "0-1"]
[WhiteElo "1339"]
[BlackElo "1279"]

1. c4 e5 2. Nc3 Bc5 3. e3 d6 4. Nh3 h5 5. Na4 Bb4 6. a3 Bg4 7. f3 Bf5 8. e4 Bg6
9. Bd3 Nc6 10. axb4 Nxb4 11. Be2 b5 12. Qb3 c5 13. d3 Qa5 14. Bd2 bxa4 15. Qd1
O-O-O 16. b3 Nf6 17. Rxa4 Qc7 18. Ng5 a5 19. h4 Rhe8 20. g3 Rd7 21. O-O Nc6 22.
Rf2 Nd4 23. Bf1 Rde7 24. Bxa5 Qb7 25. Rb2 Qb8 26. b4 Rb7 27. b5 Nc6 28. Bc3 Nd7
29. Bh3 Rf8 30. f4 Ra7 31. Raa2 Nb4 32. Ra1 Qa8 33. Rab1 Na2 34. Bd2 f5 35. Ne6
Rf7 36. exf5 Bxf5 37. Ng5 Bxh3 38. Nxf7 Qg2# 0-1

[Event "OS INCLIVEIS"]
[Site "http://www.queenalice.com/game.php?id=1406076"]
[Date "2016.1.25"]
[Round "-"]
[White "adelio"]
[Black "Julsoulp2"]
[Result "0-1"]
[WhiteElo "1697"]
[BlackElo "1258"]

1. d4 d5 2. e4 dxe4 3. Nc3 Nf6 4. f3 Nc6 5. Be3 Nb4 6. Nxe4 Nfd5 7. Bf2 Qd7 8.
a3 Nc6 9. c4 Nf4 10. Be3 Ng6 11. h4 e5 12. h5 Nf4 13. g3 Ne6 14. d5 f5 15. dxe6
Qxe6 16. Nc5 Qe7 17. Be2 f4 18. Bf2 Nd4 19. gxf4 Bf5 20. Ne4 Rd8 21. Qa4+ c6 22.
Qxa7 Nc2+ 23. Kf1 Nxa1 24. Bc5 Qf7 25. Ng5 Qf6 26. Bxf8 Kxf8 27. Qxb7 Rd7 28.
Qb4+ Ke8 29. N1h3 Nc2 30. Qc3 Nd4 31. fxe5 Qxe5 32. f4 Qxe2+ 33. Kg1 Nb5 34. Nf2
Nxc3 35. bxc3 Rd2 36. Ngh3 Qe3 37. Kg2 Bxh3+ 38. Rxh3 Qxf2+ 39. Kh1 Qf1# 0-1

[Event "OS INCLIVEIS"]
[Site "http://www.queenalice.com/game.php?id=1406471"]
[Date "2016.1.27"]
[Round "-"]
[White "adelio"]
[Black "Julsoulp2"]
[Result "1-0"]
[WhiteElo "1668"]
[BlackElo "1288"]

1. f4 e6 2. c4 h5 3. h4 g6 4. d4 Nf6 5. a3 Ne4 6. Qd3 f5 7. Nc3 Nd6 8. Nf3 Nc6
9. Ng5 b6 10. e4 Qe7 11. e5 Ne4 12. Ncxe4 fxe4 13. Nxe4 Bg7 14. Be2 Ba6 15. Nf6+
Kd8 16. f5 exf5 17. Nd5 Qe8 18. Nxc7 Kxc7 19. Bf4 d6 20. exd6+ Kd7 21. O-O-O
Nxd4 22. Rhe1 Qc8 23. Qh3 Bb5 24. b3 Ne6 25. Bh2 Rf8 26. Kb1 Nf4 27. Bxf4 Bc6
28. Qg3 Be4+ 29. Bd3 Bb7 30. Re7+ Kd8 31. Rxg7 Qc5 32. Qg5+ Kc8 33. d7# 1-0

[Event "Challenge"]
[Site "http://www.queenalice.com/game.php?id=1407846"]
[Date "2016.2.6"]
[Round "-"]
[White "Oliv"]
[Black "Julsoulp2"]
[Result "0-1"]
[WhiteElo "1508"]
[BlackElo "1297"]

1. e4 e5 2. f3 Bb4 3. c3 Ba5 4. b4 Bb6 5. Nh3 d6 6. g3 h5 7. Na3 h4 8. d4 exd4
9. cxd4 Qf6 10. Bg5 Qxd4 11. Nc2 Qc3+ 12. Ke2 Be6 13. Bd2 Bc4+ 14. Ke1 Qe5 15.
Bxc4 hxg3 16. Bf4 Qc3+ 17. Bd2 Qxc4 18. hxg3 g5 19. Bxg5 f6 20. Bf4 Nc6 21. b5
Nb4 22. Nxb4 Qxb4+ 23. Bd2 Qc5 24. a4 Rxh3 25. Rxh3 Qf2# 0-1

[Event "Challenge"]
[Site "http://www.queenalice.com/game.php?id=1408093"]
[Date "2016.2.7"]
[Round "-"]
[White "Julsoulp2"]
[Black "magalhaes_br"]
[Result "1-0"]
[WhiteElo "1302"]
[BlackElo "1317"]

1. c4 f5 2. Na3 Nf6 3. e3 c5 4. Bd3 e6 5. Qa4 Nc6 6. Nb5 a6 7. Nc3 b5 8. cxb5
Ne7 9. bxa6 g6 10. Bb5 Kf7 11. Bc4 Bh6 12. Nb5 Nc6 13. Nd6+ Kg8 14. b3 Ne8 15.
Nb7 Qc7 16. Nxc5 d6 17. Nd3 d5 18. Bb5 Bd7 19. Nc5 Bc8 20. Bxc6 Ra7 21. Bb2 Bg7
22. d4 Nd6 23. Rc1 Bf8 24. Nf3 h6 25. Ne5 Rh7 26. Ba3 Qb6 27. Bb4 Rhc7 28. O-O
Bxa6 29. Ncd7 Bb5 30. Nxb6 Bxa4 31. Bxa4 Nf7 32. Nc6 Ra6 33. Ba5 Ba3 34. Rc5
Bxc5 35. b4 Bxb6 36. Nb8 Rca7 37. Nxa6 Bxa5 38. Nc5 Bxb4 39. Bd7 Nd8 40. Ra1 Ba5
41. Rb1 Ra8 42. Nb7 Nxb7 43. Bxe6+ Kf8 44. Rxb7 Ra6 45. Rf7+ Ke8 46. h4 h5 47.
Bxd5 Bd8 48. f3 Rd6 49. e4 Bxh4 50. Rg7 Kf8 51. Rg8+ Ke7 52. Rg7+ Kf6 53. Rf7+
Kg5 54. Kh2 f4 55. Kh3 Bf2 56. g3 Bxd4 57. a4 Bf2 58. Bc4 Ra6 59. Bxa6 fxg3 60.
e5 h4 61. e6 Bc5 62. e7 Bxe7 63. Rxe7 Kh5 64. f4 g5 65. Be2+ Kg6 66. a5 gxf4 67.
a6 Kg5 68. Rf7 g2 69. Kxg2 h3+ 70. Kxh3 f3 71. Bxf3 Kg6 72. Bd5 Kg5 73. a7 Kh6
74. a8=Q Kh5 75. Qg8 Kh6 76. Rh7# 1-0

[Event "Challenge"]
[Site "http://www.queenalice.com/game.php?id=1409597"]
[Date "2016.2.16"]
[Round "-"]
[White "Julsoulp2"]
[Black "Oliv"]
[Result "0-1"]
[WhiteElo "1321"]
[BlackElo "1482"]

1. e4 e5 2. Nf3 d6 3. d4 Qf6 4. Bc4 Qg6 5. Nc3 Qxg2 6. Rg1 Qh3 7. Nd5 Kd7 8.
Bb5+ c6 9. Bf1 Qe6 10. Ng5 Qg6 11. Bh3+ Kd8 12. Bxc8 Kxc8 13. Qg4+ Kd8 14. Ne6+
Qxe6 15. Bg5+ Be7 16. O-O-O cxd5 17. exd5 Qxg4 18. Rxg4 Bxg5+ 19. Rxg5 exd4 20.
Rxg7 Nh6 21. f4 Na6 22. Rdg1 Rc8 23. a3 b5 24. Kd1 Nc5 25. b4 Na4 26. Kd2 Rc3
27. Re1 Nb2 28. Rg2 Nc4+ 29. Kc1 Nf5 30. Rg5 Nfe3 31. Rg7 Rxc2+ 32. Kb1 Nxa3+
33. Ka1 Nxd5 34. Rxf7 Nxb4 35. Rxa7 Ra2# 0-1

[Event "Challenge"]
[Site "http://www.queenalice.com/game.php?id=1410076"]
[Date "2016.2.20"]
[Round "-"]
[White "RJOliveira"]
[Black "Julsoulp2"]
[Result "1-0"]
[WhiteElo "1699"]
[BlackElo "1319"]

1. e4 e5 2. Qh5 Nf6 3. Qe2 d6 4. Nc3 Bg4 5. Nf3 Nc6 6. Qe3 Bh5 7. Be2 g6 8. O-O
Ng4 9. Qd3 Nb4 10. Qb5+ c6 11. Qxb4 d5 12. Qxb7 Qd6 13. Qxa8+ Ke7 14. exd5 e4
15. Qb7+ Kf6 16. Nxe4+ 1-0

[Event "Challenge"]
[Site "http://www.queenalice.com/game.php?id=1411093"]
[Date "2016.2.25"]
[Round "-"]
[White "Oliv"]
[Black "Julsoulp2"]
[Result "1-0"]
[WhiteElo "1492"]
[BlackElo "1311"]

1. d4 g6 2. b4 e6 3. c3 Nf6 4. h4 Ng4 5. Bg5 f6 6. Bf4 g5 7. hxg5 fxg5 8. Be5
Nxe5 9. dxe5 Bg7 10. Qd4 O-O 11. Qe4 Rf4 12. Qxh7+ Kf7 13. e3 Rh4 14. Rxh4 gxh4
15. Bd3 Nc6 16. Na3 Qg5 17. Nf3 Qxg2 18. Ke2 b6 19. Rg1 Qh3 20. Rxg7+ Kf8 21.
Rg8# 1-0

[Event "Challenge"]
[Site "http://www.queenalice.com/game.php?id=1412576"]
[Date "2016.3.8"]
[Round "-"]
[White "Julsoulp2"]
[Black "Oliv"]
[Result "0-1"]
[WhiteElo "1319"]
[BlackElo "1541"]

1. e4 d6 2. Bc4 e5 3. Qh5 g6 4. Qf3 Nf6 5. Qb3 Be6 6. d3 Nh5 7. Nf3 h6 8. Qa4+
Nc6 9. Ba6 bxa6 10. Qxc6+ Bd7 11. Qxa6 Be7 12. Nc3 g5 13. h3 O-O 14. Nd5 Bc8 15.
Qc4 Be6 16. d4 f5 17. g4 Nf6 18. Qa6 fxe4 19. dxe5 Nxd5 20. Nd4 Qd7 21. Rg1 c5
22. Nc6 Rf3 23. c4 Nb4 24. Nxb4 cxb4 25. h4 gxh4 26. Bxh6 h3 27. O-O-O Bxg4 28.
exd6 Bf6 29. Rd4 Bxd4 30. c5 Bxf2 31. Qc4+ Kh7 32. c6 Qxd6 33. Rxg4 Qxh6+ 34.
Kd1 Rd8+ 35. Kc2 Qd2+ 36. Kb1 Qe1+ 37. Kc2 Rd2# 0-1

[Event "Challenge"]
[Site "http://www.queenalice.com/game.php?id=1428532"]
[Date "2016.6.21"]
[Round "-"]
[White "Oliv"]
[Black "Julsoulp2"]
[Result "1-0"]
[WhiteElo "1591"]
[BlackElo "1310"]

1. d4 e6 2. c3 Nf6 3. f3 Nd5 4. e4 Nb6 5. h4 d5 6. Bf4 Bd7 7. exd5 Nxd5 8. Be5
Bd6 9. Bd3 f6 10. Bxd6 cxd6 11. g3 Ne3 12. Qe2 Nd5 13. f4 O-O 14. Qh5 f5 15. Nf3
Nxf4 16. gxf4 Be8 17. Qg5 Qb6 18. b3 h6 19. Qg2 Bc6 20. Nbd2 e5 21. fxe5 dxe5
22. Bc4+ Kh8 23. O-O-O Qa5 24. Rhg1 Qa3+ 25. Kb1 g5 26. Rh1 g4 27. Rhg1 e4 28.
Ne5 Be8 29. Be6 h5 30. Rdf1 Bg6 31. Nxg6+ Kg7 32. Nxf8 Kxf8 33. Rxf5+ Ke8 34.
Qxe4 Ke7 35. Rf7+ Kd8 36. Qxb7 g3 37. Qc7+ Ke8 38. Qc8# 1-0

[Event "Challenge"]
[Site "http://www.queenalice.com/game.php?id=1428612"]
[Date "2016.6.22"]
[Round "-"]
[White "dejami"]
[Black "Julsoulp2"]
[Result "1-0"]
[WhiteElo "1762"]
[BlackElo "1312"]

1. e4 e5 2. Bc4 g6 3. Qf3 Nh6 4. d3 d6 5. Bxh6 d5 6. Bxd5 Be6 7. Bxf8 Rxf8 8.
Bxb7 Qd4 9. c3 Qb6 10. Bxa8 Qxb2 11. Qd1 f5 12. Nd2 fxe4 13. Rb1 Qa3 14. Rxb8+
Kf7 15. Rxf8+ Qxf8 16. Bxe4 h5 17. Ngf3 Bxa2 18. Nxe5+ Kg7 19. Nxg6 Qc5 20. Qa1
Qa3 21. c4+ Kh6 22. Qh8+ Kg5 23. Nf3+ Kg4 24. h3# 1-0

[Event "Challenge"]
[Site "http://www.queenalice.com/game.php?id=1429919"]
[Date "2016.7.1"]
[Round "-"]
[White "Julsoulp2"]
[Black "Oliv"]
[Result "0-1"]
[WhiteElo "1310"]
[BlackElo "1590"]

1. e4 e5 2. Nf3 d6 3. c3 Nf6 4. Qa4+ c6 5. Bc4 b5 6. Bxb5 cxb5 7. Qxb5+ Bd7 8.
Qb7 Nc6 9. Ng5 h6 10. Nf3 Nxe4 11. d3 Nc5 12. Qb5 a6 13. Qc4 Be6 14. Qh4 Nxd3+
15. Kd1 Nxc1 16. Kxc1 e4 17. Qg3 exf3 18. Re1 Qb6 19. Qxf3 Rb8 20. b3 Ne5 21.
Qe4 f5 22. Qa4+ Bd7 23. Qh4 Be7 24. Qh3 Bg5+ 25. Nd2 Bxd2+ 26. Kxd2 Qxf2+ 27.
Re2 Qc5 28. Qh5+ Kf8 29. Rf1 g6 30. Qh4 Qd5+ 31. Ke3 Qd3+ 32. Kf4 Qxe2 33. Qf6+
Kg8 34. Qxd6 Rb5 35. Kg3 Qxf1 36. a4 f4+ 37. Kh4 g5+ 38. Kh5 Qe2+ 39. g4 Qxg4#
0-1

[Event "Challenge"]
[Site "http://www.queenalice.com/game.php?id=1430671"]
[Date "2016.7.7"]
[Round "-"]
[White "dejami"]
[Black "Julsoulp2"]
[Result "1/2-1/2"]
[WhiteElo "1715"]
[BlackElo "1333"]

1. e4 Nf6 2. e5 Ne4 3. Bc4 d5 4. Bb3 e6 5. d3 Nc5 6. d4 Qh4 7. Be3 Ne4 8. Nf3
Qe7 9. h4 b6 10. Ng1 f6 11. f3 Ng3 12. Rh3 Nh5 13. g4 g5 14. gxh5 gxh4 15. f4
Bh6 16. Nc3 Nc6 17. a3 Ba6 18. Ba4 Bb7 19. Qd3 O-O-O 20. Nf3 Qg7 21. O-O-O Nb8
22. Rg1 Qe7 23. Rxh4 Rhf8 24. Rhg4 f5 25. R4g2 c6 26. Na2 b5 27. Bb3 c5 28. Qxb5
c4 29. Ba4 Bc6 30. Qa5 Bxa4 31. Qxa4 Nd7 32. Qxa7 Qe8 33. Rh2 Nb8 34. Nb4 Rf7
35. Qa8 Rdd7 36. Rhg2 Bf8 37. Qa4 Qd8 38. c3 Ra7 39. Qd1 Qa5 40. Kb1 Rfc7 41.
Ng5 Nc6 42. Nxe6 Rcb7 43. Nxc6 Qxa3 44. Nxa7+ Qxa7 45. Nxf8 Qa6 46. Rg8 Qb6 47.
Nxh7+ Kc7 48. R1g7+ Kc6 49. Rg6+ Kc7 50. Rxb6 Rxb6 51. Qa4 Rb5 52. Qxb5 1/2-1/2

[Event "Challenge"]
[Site "http://www.queenalice.com/game.php?id=1433773"]
[Date "2016.7.30"]
[Round "-"]
[White "Oliv"]
[Black "Julsoulp2"]
[Result "0-1"]
[WhiteElo "1615"]
[BlackElo "1305"]

1. d4 d6 2. e3 e5 3. Qf3 h5 4. Bc4 Nh6 5. h3 Bf5 6. e4 Bg6 7. g4 Qh4 8. Nc3 Nc6
9. d5 Nd4 10. Qd3 hxg4 11. Nb5 Nf3+ 12. Nxf3 gxf3 13. Nxc7+ Kd8 14. Nxa8 f5 15.
Bxh6 Rxh6 16. Qxf3 Bh5 17. Qxf5 Rf6 18. Qxf6+ gxf6 19. Be2 Qxe4 20. O-O-O Bh6+
21. Kb1 Qxe2 22. Rdf1 Bf3 23. Re1 Qxf2 24. Rhf1 Qg2 25. Rg1 Qd2 26. Rg8+ Ke7 27.
Rgg1 Be3 28. Rg7+ Kf8 29. Rgg1 Bf2 30. Ref1 Bxg1 31. Rxg1 Bd1 32. c4 Qc2+ 33.
Ka1 Qc1# 0-1

[Event "Challenge"]
[Site "http://www.queenalice.com/game.php?id=1444049"]
[Date "2016.10.4"]
[Round "-"]
[White "Oliv"]
[Black "Julsoulp2"]
[Result "1-0"]
[WhiteElo "1621"]
[BlackElo "1365"]

1. d4 d5 2. e3 c6 3. h3 b5 4. b4 a5 5. Bd2 a4 6. Bd3 e6 7. Qf3 f5 8. g4 Nh6 9.
a3 Bd6 10. Bc3 O-O 11. gxf5 exf5 12. h4 f4 13. exf4 Bg4 14. Qg2 Bxf4 15. f3 Re8+
16. Be2 Bf5 17. Bd2 Bxd2+ 18. Nxd2 Bxc2 19. f4 Re3 20. Ndf3 Qe8 21. Qg5 Nf7 22.
Qh5 Bd3 23. Ne5 Bg6 24. Nxg6 hxg6 25. Qg4 Nh6 26. Qg5 Qe6 27. Rh2 Ng4 28. Rg2
Qe4 29. Qd8+ Kh7 30. Rxg4 Qxd4 31. Rd1 Qe4 32. h5 gxh5 33. Rg5 g6 34. Qc7+ Qe7
35. Qxe7+ Rxe7 36. Kf1 Nd7 37. Rd3 Rae8 38. Rdg3 Nf8 39. f5 h4 40. fxg6+ Kh6 41.
Rh5+ Kg7 42. Rgg5 Re4 43. Kg2 h3+ 44. Rxh3 Ne6 45. Rh7+ Kf6 46. Rg3 Nf4+ 47. Kh2
Nxe2 48. Rg2 Nf4 49. Rg4 d4 50. g7 Ng6 51. Rxe4 Rg8 52. Rg4 d3 53. Nf3 Kf5 54.
Rg5+ Kf4 55. Kg2 d2 56. Nxd2 Kxg5 57. Ne4+ Kf5 58. Ng3+ Kg4 59. Nh5 Nh4+ 60. Kf2
Ng6 61. Nf6+ Kg5 62. Nxg8 Nf4 63. Ne7 Nd3+ 64. Kg3 Nc5 65. g8=Q+ Kf6 66. Qg4 Ne6
67. Qg6+ Ke5 68. Qf6+ Kxf6 69. Nxc6 Kg6 70. Rb7 Ng5 71. Kg4 Ne6 72. Rxb5 Nc7 73.
Rb7 Nd5 74. b5 Nf6+ 75. Kh4 Nh5 76. Re7 Nf4 77. b6 Kf6 78. b7 Ng6+ 79. Kg4 Nxe7
80. Nxe7 Ke5 81. b8=Q+ Kf6 82. Qd6+ Kf7 83. Kf5 Ke8 84. Kg6 Kf8 85. Nf5+ Kg8 86.
Qd8# 1-0

[Event "Challenge"]
[Site "http://www.queenalice.com/game.php?id=1444051"]
[Date "2016.10.4"]
[Round "-"]
[White "dejami"]
[Black "Julsoulp2"]
[Result "0-1"]
[WhiteElo "1669"]
[BlackElo "1341"]

1. e4 e5 2. Bc4 Bc5 3. Qf3 Nf6 4. h3 b6 5. g4 Bb7 6. d3 O-O 7. Bd2 Nc6 8. c3 Na5
9. Bb5 d5 10. Rh2 dxe4 11. Qe2 Nd5 12. b4 a6 13. Ba4 Nf4 14. Bxf4 exf4 15. bxc5
f3 16. Qd2 b5 17. Bd1 Re8 18. Kf1 Qh4 19. Qf4 Re7 20. dxe4 Rae8 21. Nxf3 Rxe4
22. Qxc7 Qf6 23. Qxa5 Qg5 24. Nxg5 Re1# 0-1

[Event "Challenge"]
[Site "http://www.queenalice.com/game.php?id=1446464"]
[Date "2016.10.19"]
[Round "-"]
[White "Julsoulp2"]
[Black "dejami"]
[Result "0-1"]
[WhiteElo "1370"]
[BlackElo "1642"]

1. e4 e5 2. Bc4 Nf6 3. Nf3 Nxe4 4. Nxe5 Nd6 5. Qf3 f6 6. Qh5+ g6 7. Nxg6 hxg6 8.
Qxg6+ Ke7 9. b3 Rh6 10. Qg8 Nxc4 11. bxc4 d6 12. Qd5 Nc6 13. Nc3 Nb4 14. Qe4+
Kf7 15. d4 f5 16. Qf4 Rh4 17. Qd2 Bg7 18. O-O d5 19. Ba3 Qd6 20. Nb5 Qxh2# 0-1

[Event "Challenge"]
[Site "http://www.queenalice.com/game.php?id=1447746"]
[Date "2016.11.3"]
[Round "-"]
[White "dejami"]
[Black "Julsoulp2"]
[Result "1-0"]
[WhiteElo "1701"]
[BlackElo "1352"]

1. e4 e5 2. Bc4 Qf6 3. Nf3 Bc5 4. d3 d6 5. Bg5 Qg6 6. O-O h6 7. Bd2 Bh3 8. Nh4
Qf6 9. Nf3 Bd4 10. c3 Bc5 11. gxh3 Qg6+ 12. Kh1 Nf6 13. Rg1 Qh5 14. Rxg7 Bxf2
15. Bxf7+ Qxf7 16. Rxf7 Rg8 17. Rxf6 Nd7 18. Re6+ Kd8 19. Qe2 Bb6 20. Be3 Nf8
21. Rxh6 Kd7 22. Bxb6 cxb6 23. d4 exd4 24. Qb5+ Ke7 25. Qd5 Ng6 26. Qxb7+ Kf6
27. Qd7 Rad8 28. Qf5+ Ke7 29. Rxg6 Rxg6 30. Qxg6 dxc3 31. Nxc3 1-0

[Event "OS INCLIVEIS"]
[Site "http://www.queenalice.com/game.php?id=1451171"]
[Date "2016.11.21"]
[Round "-"]
[White "adelio"]
[Black "Julsoulp2"]
[Result "1-0"]
[WhiteElo "1751"]
[BlackElo "1359"]

1. d4 d6 2. c4 c5 3. d5 e5 4. dxe6 Bxe6 5. e4 Qf6 6. h4 Qe5 7. Nc3 d5 8. f4 Qf6
9. cxd5 Bd7 10. e5 Qe7 11. h5 Nh6 12. Be2 Nf5 13. Ne4 Ne3 14. Bxe3 Kd8 15. Nxc5
g5 16. Nxb7+ Ke8 17. Nd6+ Kd8 18. Rc1 gxf4 19. Bxf4 Bg7 20. Bg5 Qxg5 21. Nxf7+
Ke8 22. Nxg5 h6 23. Bg4 Bxe5 24. Qe2 Bxg4 25. Qxe5+ Kd7 26. Qxh8 1-0

[Event "Challenge"]
[Site "http://www.queenalice.com/game.php?id=1451491"]
[Date "2016.11.23"]
[Round "-"]
[White "Oliv"]
[Black "Julsoulp2"]
[Result "1-0"]
[WhiteElo "1627"]
[BlackElo "1357"]

1. d4 e6 2. c3 d5 3. Qb3 c6 4. Bf4 Qf6 5. e3 g5 6. Be5 Qf5 7. Bxh8 f6 8. Be2 g4
9. h3 g3 10. Nf3 b5 11. fxg3 Bd6 12. g4 Qg6 13. Nbd2 Ba6 14. O-O e5 15. Nh4 Qh6
16. Nf5 Qg5 17. Nxd6+ Kd7 18. Nf5 b4 19. Bxa6 Nxa6 20. cxb4 Rb8 21. Qa4 Ne7 22.
Qxa6 Nxf5 23. Qxa7+ Kc8 24. Rfe1 Nxe3 25. Rac1 exd4 26. Rxc6+ Kd8 27. Qxb8+ Ke7
28. Qc7+ Kf8 29. Re6 f5 30. Qc8+ Kf7 31. Qe8# 1-0